Third International Conference on Developments in Power-System Protection : 17-19 April 1985 /

Bibliographic Details
Corporate Authors: International Conference on Developments in Power-System Protection London?, Institution of Electrical Engineers. Power Division, Institute of Electrical and Electronics Engineers. United Kingdom and Republic of Ireland Section
Format: Conference Proceeding Book
Language:English
Published: London : Institution of Electrical Engineers, [1985]
Series:Conference publication (Institution of Electrical Engineers) ; no. 249.
Subjects:

MARC

Tag First Indicator Second Indicator Subfields
LEADER 00000cam a2200000 a 4500
001 in00000573232
005 20151014061554.0
008 850627s1985 enka b 10010 eng
010 |a  85171716  
019 |a 12093885 
020 |a 085296305X (pbk.) 
035 |a (OCoLC)12003383 
035 |9 ACN0005AM 
039 0 |a 2  |b 3  |c 3  |d 3  |e 3 
040 |a DLC  |c DLC  |d TXA  |d UtOrBLW 
049 |a TXAM  |c [A09052629] 
050 0 0 |a TK3091  |b .I48 1985 
082 0 |a 621.31/7  |2 19 
111 2 |a International Conference on Developments in Power-System Protection  |n (3d :  |d 1985 :  |c London?) 
245 1 0 |a Third International Conference on Developments in Power-System Protection :  |b 17-19 April 1985 /  |c organised by the Power Division of the Institution of Electrical Engineers in association with the Institute of Electrical and Electronics Engineers Inc. (United Kingdom and Republic of Ireland Section). 
264 1 |a London :  |b Institution of Electrical Engineers,  |c [1985] 
264 4 |c ©1985 
300 |a ix, 226 pages :  |b illustrations ;  |c 30 cm. 
336 |a text  |b txt  |2 rdacontent 
337 |a unmediated  |b n  |2 rdamedia 
338 |a volume  |b nc  |2 rdacarrier 
490 1 |a IEE conference publication,  |x 0537-9989 ;  |v no. 249 
504 |a Includes bibliographies. 
650 0 |a Electric power systems  |x Protection  |v Congresses. 
710 2 |a Institution of Electrical Engineers.  |b Power Division. 
710 2 |a Institute of Electrical and Electronics Engineers.  |b United Kingdom and Republic of Ireland Section. 
830 0 |a Conference publication (Institution of Electrical Engineers) ;  |v no. 249. 
999 |a MARS 
999 f f |s 00fcd80e-f504-3bec-9d70-130d6e7ffb22  |i 730acabb-912b-36ee-beba-d37ad4fa53eb  |t 0 
952 f f |p ric  |a Texas A&M University  |b Rellis Campus  |c Joint Library Facility  |d Remote Storage  |t 0  |e TK3091 .I48 1985  |h Library of Congress classification  |i unmediated -- volume  |m A14809052629 
998 f f |a TK3091 .I48 1985  |t 0  |l Remote Storage